[Event "RLP Seniors op 17th"]
[Site "Neustadt an der Weinstrasse"]
[Date "2019.07.26"]
[Round "7"]
[White "Boehler, Karl Heinz"]
[Black "Haertner, Helmut"]
[Result "1/2-1/2"]
[WhiteElo "2038"]
[BlackElo "1911"]
[PlyCount "92"]
[EventDate "2019.07.20"]
[EventType "swiss"]
[EventRounds "9"]
[EventCountry "GER"]
[SourceTitle "CBM 192 Extra"]
[Source "Chessbase"]
[SourceDate "2019.11.06"]
[SourceVersion "1"]
[SourceVersionDate "2019.11.06"]
[SourceQuality "1"]

1. d4 d5 2. Nf3 Nf6 3. e3 c6 4. Bd3 Bg4 5. Nbd2 Nbd7 6. h3 Bh5 7. c4 e6 8. Qc2 Bg6 9. Bxg6 hxg6 10. 0-0 Rh5 11. e4 dxe4 12. Nxe4 Nxe4 13. Qxe4 Nf6 14. Qe2 Be7 15. Bf4 Kf8 16. Rfd1 Qa5 17. b3 Re8 18. Be5 Nd7 19. Bf4 Nf6 20. Bd2 Qc7 21. Be3 Bd6 22. Rd3 Bf4 23. Re1 Bd6 24. Bd2 a6 25. Bc3 Qe7 26. Qd2 Qc7 27. a4 Bf4 28. Qd1 Bd6 29. d5 cxd5 30. Bxf6 gxf6 31. cxd5 e5 32. Nd2 f5 33. Nc4 e4 34. Nxd6 Qxd6 35. Rd4 Ra8 36. Qd2 Rh8 37. Rc4 Rd8 38. Rd1 Kg7 39. Qc3+ Kh7 40. Rc7 Rd7 41. Rxd7 Qxd7 42. Qf6 Rc8 43. d6 Re8 44. Rd5 Re6 45. Qd4 f4 46. h4 e3 1/2-1/2

[Event "Rheinland Pfalz op Seniors 16th"]
[Site "Neustadt an der Weinstrasse"]
[Date "2018.07.11"]
[Round "5"]
[White "Biebinger, Gerhard"]
[Black "Boehler, Karl Heinz"]
[Result "1-0"]
[WhiteElo "2263"]
[BlackElo "2014"]
[PlyCount "61"]
[EventDate "2018.07.07"]
[EventType "swiss"]
[EventRounds "9"]
[EventCountry "GER"]
[SourceTitle "EXT 2019"]
[Source "ChessBase"]
[SourceDate "2018.10.10"]
[SourceVersion "1"]
[SourceVersionDate "2018.10.10"]
[SourceQuality "1"]

1. c4 Nf6 2. Nc3 e6 3. Nf3 d5 4. d4 Be7 5. cxd5 Nxd5 6. e4 Nxc3 7. bxc3 0-0 8. Bc4 Nd7 9. 0-0 Nb6 10. Bb3 c5 11. a4 a5 12. Be3 cxd4 13. cxd4 Nd7 14. Qb1 Ra6 15. Rd1 Bf6 16. Ra2 Qc7 17. Rc2 Rc6 18. Rcd2 Rc3 19. h3 g6 20. Rd3 Rxd3 21. Qxd3 Rd8 22. Rc1 Qb8 23. Qb5 b6 24. e5 Be7 25. d5 Nxe5 26. Nxe5 Qxe5 27. dxe6 Qxb5 28. exf7+ Kg7 29. axb5 Rd3 30. Bc4 Rd6 31. Bf4 1-0

[Event "Rheinland Pfalz op Seniors 15th"]
[Site "Neustadt an der Weinstrasse"]
[Date "2017.07.19"]
[Round "5"]
[White "Wawrinsky, Ludwig"]
[Black "Boehler, Karl Heinz"]
[Result "0-1"]
[WhiteElo "1788"]
[BlackElo "2016"]
[PlyCount "48"]
[EventDate "2017.07.15"]
[EventType "swiss"]
[EventRounds "9"]
[EventCountry "GER"]
[SourceTitle "EXT 2018"]
[Source "ChessBase"]
[SourceDate "2017.10.13"]
[SourceVersion "1"]
[SourceVersionDate "2017.10.13"]
[SourceQuality "1"]

1. e4 d6 2. d4 Nf6 3. Nc3 Nbd7 4. Nf3 g6 5. h3 Bg7 6. Be3 0-0 7. Bc4 c6 8. Bb3 b5 9. a3 Qc7 10. 0-0 a6 11. Bf4 e5 12. dxe5 dxe5 13. Bh2 Nh5 14. Re1 Nc5 15. Ba2 Ne6 16. Re2 Nhf4 17. Rd2 Ra7 18. Qe1 a5 19. Rad1 b4 20. Ne2 bxa3 21. bxa3 Qe7 22. Rd6 c5 23. Nxf4 Nxf4 24. Qc3 Ne2+ 0-1

[Event "Rheinland Pfalz op Seniors 15th"]
[Site "Neustadt an der Weinstrasse"]
[Date "2017.07.15"]
[Round "1"]
[White "Hauck, Bernd"]
[Black "Boehler, Karl Heinz"]
[Result "0-1"]
[WhiteElo "1713"]
[BlackElo "2016"]
[PlyCount "90"]
[EventDate "2017.07.15"]
[EventType "swiss"]
[EventRounds "9"]
[EventCountry "GER"]
[SourceTitle "EXT 2018"]
[Source "ChessBase"]
[SourceDate "2017.10.13"]
[SourceVersion "1"]
[SourceVersionDate "2017.10.13"]
[SourceQuality "1"]

1. e4 d5 2. exd5 Qxd5 3. Nc3 Qd6 4. d4 Nf6 5. Be2 a6 6. Bf3 Nc6 7. Nge2 Bf5 8. Bf4 Qd7 9. 0-0 e6 10. Ng3 Bg6 11. d5 exd5 12. Re1+ Be7 13. Nxd5 Nxd5 14. Bxd5 0-0-0 15. c4 Bb4 16. Re2 Rhe8 17. a3 Bd6 18. Rxe8 Rxe8 19. Bxd6 Qxd6 20. Qa4 Rd8 21. Bxc6 Qxc6 22. Qxc6 bxc6 23. c5 Rd2 24. b4 Rb2 25. Nf1 a5 26. Ne3 axb4 27. axb4 Rxb4 28. h3 Kb7 29. Rc1 Rb1 30. Rxb1+ Bxb1 31. Nc4 Be4 32. f3 Bd5 33. Ne5 Ka6 34. Kf2 Kb5 35. Nd7 Be6 36. Nf8 h6 37. f4 Kxc5 38. Ke3 Bd5 39. g4 Kd6 40. h4 Ke7 41. Nh7 f6 42. g5 Ba2 43. f5 Bb1 44. Kf4 c5 45. Nxf6 gxf6 0-1

[Event "Rheinland Pfalz op Seniors 14th"]
[Site "Neustadt an der Weinstrasse"]
[Date "2016.07.20"]
[Round "5"]
[White "Schowalter, Gerd"]
[Black "Boehler, Karl Heinz"]
[Result "1/2-1/2"]
[WhiteElo "1948"]
[BlackElo "2053"]
[PlyCount "110"]
[EventDate "2016.07.16"]
[EventType "swiss"]
[EventRounds "9"]
[EventCountry "GER"]
[SourceTitle "EXT 2019"]
[Source "ChessBase"]
[SourceDate "2018.10.10"]
[SourceVersion "1"]
[SourceVersionDate "2018.10.10"]
[SourceQuality "1"]

1. d4 Nf6 2. c4 e6 3. Nc3 Bb4 4. a3 Bxc3+ 5. bxc3 c5 6. Nf3 b6 7. Bf4 Bb7 8. e3 Ne4 9. Qc2 f5 10. d5 exd5 11. cxd5 Bxd5 12. Rd1 Be6 13. Nd2 Nxd2 14. Qxd2 0-0 15. Qd6 Qc8 16. Be2 Nc6 17. Bf3 Qe8 18. Bg5 Rc8 19. h4 h6 20. Bd5 hxg5 21. hxg5 Bxd5 22. Rxd5 Qe6 23. Qh2 Kf7 24. Rd6 Qe5 25. Rxd7+ Ke6 26. Qxe5+ Kxe5 27. Rxg7 Rg8 28. Rhh7 Rxg7 29. Rxg7 Re8 30. Ke2 Re7 31. f4+ Kd5 32. Rg6 Re6 33. Rg7 Ne7 34. Kd3 c4+ 35. Ke2 a6 36. Kf3 b5 37. Rf7 a5 38. g6 Kd6 39. g7 Rg6 40. e4 fxe4+ 41. Kxe4 Rxg2 42. f5 b4 43. Rf6+ Kc5 44. axb4+ axb4 45. cxb4+ Kxb4 46. Rb6+ Kc5 47. f6 Rxg7 48. Re6 Rg4+ 49. Kf3 Rg8 50. Rxe7 c3 51. f7 Rf8 52. Ke2 Kd6 53. Ra7 Rc8 54. Ke3 c2 55. f8Q+ Rxf8 1/2-1/2

[Event "Rheinland Pfalz op Seniors 14th"]
[Site "Neustadt an der Weinstrasse"]
[Date "2016.07.19"]
[Round "4"]
[White "Boehler, Karl Heinz"]
[Black "Schwertel, Johann"]
[Result "1/2-1/2"]
[WhiteElo "2053"]
[BlackElo "1961"]
[PlyCount "100"]
[EventDate "2016.07.16"]
[EventType "swiss"]
[EventRounds "9"]
[EventCountry "GER"]
[SourceTitle "EXT 2019"]
[Source "ChessBase"]
[SourceDate "2018.10.10"]
[SourceVersion "1"]
[SourceVersionDate "2018.10.10"]
[SourceQuality "1"]

1. Nf3 d5 2. b3 Nf6 3. Bb2 Nbd7 4. e3 g6 5. c4 e6 6. Nc3 c6 7. cxd5 exd5 8. a4 Bg7 9. Ba3 Bf8 10. Bxf8 Nxf8 11. Qc2 Ne6 12. Bd3 0-0 13. b4 d4 14. Ne2 dxe3 15. fxe3 c5 16. b5 b6 17. Ne5 Bb7 18. 0-0 Qd5 19. Nc6 Bxc6 20. bxc6 Qd8 21. Nc3 Nd5 22. Ne4 f5 23. Nc3 Nxc3 24. dxc3 Qd6 25. Bc4 Qxc6 26. Qa2 Rae8 27. Rad1 Re7 28. Bd5 Qd6 29. Qc4 Qe5 30. Rfe1 Kg7 31. h4 h6 32. e4 f4 33. Rd3 f3 34. Rf1 fxg2 35. Rxf8 Kxf8 36. Bxe6 Qxe6 37. Qxe6 Rxe6 38. Re3 Re5 39. Kxg2 g5 40. Kg3 gxh4+ 41. Kxh4 Ke7 42. Kg4 c4 43. Kf4 Ra5 44. Rh3 h5 45. e5 Rxa4 46. Ke4 Ra1 47. Rxh5 b5 48. Kd4 a6 49. Rh7+ Ke6 50. Rh6+ Ke7 1/2-1/2

[Event "Rheinland Pfalz op Seniors 14th"]
[Site "Neustadt an der Weinstrasse"]
[Date "2016.07.17"]
[Round "2"]
[White "Boehler, Karl Heinz"]
[Black "Schroeder, Klaus"]
[Result "1-0"]
[WhiteElo "2053"]
[BlackElo "1868"]
[PlyCount "123"]
[EventDate "2016.07.16"]
[EventType "swiss"]
[EventRounds "9"]
[EventCountry "GER"]
[SourceTitle "EXT 2019"]
[Source "ChessBase"]
[SourceDate "2018.10.10"]
[SourceVersion "1"]
[SourceVersionDate "2018.10.10"]
[SourceQuality "1"]

1. d4 d5 2. Nf3 Nf6 3. e3 c6 4. Bd3 Bg4 5. c4 e6 6. Nc3 Be7 7. 0-0 Nbd7 8. h3 Bh5 9. cxd5 exd5 10. a4 a5 11. Ne2 Bg6 12. Nf4 Bxd3 13. Nxd3 Ne4 14. Nfe5 0-0 15. f3 Ng3 16. Rf2 Bh4 17. Rc2 Qe7 18. Nxd7 Qxd7 19. Nc5 Qc7 20. Qd3 Rfe8 21. Rc3 g6 22. Bd2 Bf6 23. Be1 Nf5 24. Bf2 Rad8 25. Nb3 Bh4 26. Bxh4 Nxh4 27. Rf1 Nf5 28. e4 dxe4 29. fxe4 Nxd4 30. Nxd4 Qb6 31. Rb3 Qxd4+ 32. Qxd4 Rxd4 33. Rxb7 Rdxe4 34. Rfxf7 Rxa4 35. Rg7+ Kh8 36. Rxh7+ Kg8 37. Rbg7+ Kf8 38. Rc7 Kg8 39. Rhg7+ Kh8 40. Rxg6 Rb4 41. Rcxc6 Rxb2 42. Rc5 Kh7 43. Rg4 Kh6 44. Rxa5 Ree2 45. Ra8 Kh7 46. Rf8 Re1+ 47. Rf1 Ree2 48. Rf7+ Kh6 49. Kh2 Rec2 50. Rf8 Kh7 51. h4 Ra2 52. Rg5 Rc4 53. Kh3 Ra1 54. g3 Rh1+ 55. Kg2 Rcc1 56. Rf2 Rhg1+ 57. Kf3 Rc3+ 58. Kg4 Rc4+ 59. Kf5 Rc5+ 60. Kg4 Rc4+ 61. Kh5 Rc3 62. Rf6 1-0

[Event "Rheinland Pfalz op Seniors 13th"]
[Site "Neustadt an der Weinstrasse"]
[Date "2015.07.14"]
[Round "5"]
[White "Boehler, Karl Heinz"]
[Black "Schumacher, Gottfried"]
[Result "0-1"]
[WhiteElo "2006"]
[BlackElo "2224"]
[PlyCount "76"]
[EventDate "2015.07.10"]
[EventType "swiss"]
[EventRounds "7"]
[EventCountry "GER"]
[SourceTitle "EXT 2019"]
[Source "ChessBase"]
[SourceDate "2018.10.10"]
[SourceVersion "1"]
[SourceVersionDate "2018.10.10"]
[SourceQuality "1"]

1. d4 e6 2. Nf3 c5 3. e3 Nf6 4. Bd3 Nc6 5. 0-0 d5 6. b3 cxd4 7. exd4 Bd7 8. Bb2 Rc8 9. c4 dxc4 10. bxc4 Qb6 11. Qe2 Nb4 12. c5 Qc7 13. Nc3 Nxd3 14. Qxd3 Be7 15. Nb5 Qa5 16. a4 a6 17. Bc3 Qd8 18. Nd6+ Bxd6 19. cxd6 Nd5 20. Bb2 0-0 21. Qd2 f6 22. Rfe1 Re8 23. a5 Bc6 24. Ba3 Qd7 25. Rac1 b6 26. axb6 Nxb6 27. Qa5 Nd5 28. Bc5 Nf4 29. Re3 Bxf3 30. gxf3 e5 31. Qxa6 exd4 32. Re7 Rxe7 33. dxe7 Qf5 34. Qc4+ Ne6 35. Ba3 Qg6+ 36. Kf1 Rxc4 37. Rxc4 Qe8 38. Ke1 Kf7 0-1